God, country, Notre Dame / (Record no. 1150)

000 -LEADER
fixed length control field 01480nam a22003977a 4500
001 - CONTROL NUMBER
control field 2470351
003 - CONTROL NUMBER IDENTIFIER
control field OSt
005 - DATE AND TIME OF LATEST TRANSACTION
control field 20210426121555.0
008 - FIXED-LENGTH DATA ELEMENTS--GENERAL INFORMATION
fixed length control field 900222s1990 nyuaf 001 0aeng
010 ## - LIBRARY OF CONGRESS CONTROL NUMBER
LC control number 90033371
020 ## - INTERNATIONAL STANDARD BOOK NUMBER
International Standard Book Number 0385266804
040 ## - CATALOGING SOURCE
Original cataloging agency DLC
Transcribing agency DLC
Modifying agency DLC
Language of cataloging eng
041 ## - LANGUAGE CODE
Language code of text/sound track or separate title eng
043 ## - GEOGRAPHIC AREA CODE
Geographic area code n-us---
-- n-us-in
050 00 - LIBRARY OF CONGRESS CALL NUMBER
Classification number LD4112.7 1952
Item number .A3 1990
080 ## - UNIVERSAL DECIMAL CLASSIFICATION NUMBER
Universal Decimal Classification number 92
Item number H-61
082 00 - DEWEY DECIMAL CLASSIFICATION NUMBER
Classification number 378.772/89/092
-- B
Edition number 20
100 1# - MAIN ENTRY--PERSONAL NAME
Personal name Hesburgh, Theodore M.
Fuller form of name (Theodore Martin),
Dates associated with a name 1917-2015.
245 10 - TITLE STATEMENT
Title God, country, Notre Dame /
Statement of responsibility, etc. The Autobiography of Theodore M. Hesburgh with Jerry Reedy.
Remainder of title / by: Doubleday
250 ## - EDITION STATEMENT
Edition statement 1st edition
260 ## - PUBLICATION, DISTRIBUTION, ETC.
Place of publication, distribution, etc. New York
Name of publisher, distributor, etc. Doubleday
Date of publication, distribution, etc. c1990.
300 ## - PHYSICAL DESCRIPTION
Extent xii, 331 p., [24] p. of plates
Other physical details ill.
Dimensions 24 cm.
365 ## - TRADE PRICE
Price amount 21.95 usd
500 ## - GENERAL NOTE
General note Includes index.
600 10 - SUBJECT ADDED ENTRY--PERSONAL NAME
Personal name Hesburgh, Theodore M.
Fuller form of name (Theodore Martin),
Dates associated with a name 1917-2015.
610 20 - SUBJECT ADDED ENTRY--CORPORATE NAME
Corporate name or jurisdiction name as entry element University of Notre Dame
General subdivision Presidents
Form subdivision Biography.
610 20 - SUBJECT ADDED ENTRY--CORPORATE NAME
Corporate name or jurisdiction name as entry element Catholic Church
Geographic subdivision United States
General subdivision Clergy
Form subdivision Biography.
650 #0 - SUBJECT ADDED ENTRY--TOPICAL TERM
Topical term or geographic name entry element College presidents
Geographic subdivision Indiana
Form subdivision Biography.
650 #0 - SUBJECT ADDED ENTRY--TOPICAL TERM
Topical term or geographic name entry element Biography
9 (RLIN) 237
650 #0 - SUBJECT ADDED ENTRY--TOPICAL TERM
Topical term or geographic name entry element Social reformers
Geographic subdivision United States
Form subdivision Biography.
653 ## - INDEX TERM--UNCONTROLLED
Uncontrolled term ბიოგრაფია
700 1# - ADDED ENTRY--PERSONAL NAME
Personal name Reedy, Jerry.
906 ## - LOCAL DATA ELEMENT F, LDF (RLIN)
a 7
b cbc
c orignew
d 1
e ocip
f 19
g y-gencatlg
942 ## - ADDED ENTRY ELEMENTS (KOHA)
Source of classification or shelving scheme
Koha item type Books
Edition 1
Holdings
Withdrawn status Lost status Source of classification or shelving scheme Damaged status Not for loan Permanent location Current location Date acquired Inventory number Total Checkouts Full call number Barcode Date last seen Price effective from Koha item type
          Ken Walker International University Ken Walker International University 02/03/2021 502   92 H-61 502 02/03/2021 02/03/2021 Books

Powered by Koha